000 00851ngm a22002770a 4500
001 PT25726
003 AR-LpoUNG
005 20210202000405.0
007 vd cvaizq
008 191001s1937||||it |||||||||||||||||ita d
040 _aAR-LpoUNG
_bspa
_cAR-LpoUNG
_eaacr
041 _aita
044 _ait
082 0 _a320.53 172esc
100 1 _aGallone, Carmine
_edir.
245 1 0 _aScipione el africano
260 _as.l. :
_bs.n.,
_c[1937].
300 _aDVD (83 min.) : son., byn
505 0 _aDiálogos en italiano, subtítulos en español. Hecha en 1937
520 _aPelícula histórica de intenciones propagandísticas, que evocan valores reivindicados por el fascismo, y son una apología del nacionalismo expansionista.
653 _aCINE Y TOTALITARISMO
653 _aDVD
653 _aVIDEOS
905 _a25726
942 _cDVD
999 _c54755
_d54755